A merger (Record no. 114317)
[ view plain ]
| 000 -LEADER | |
|---|---|
| fixed length control field | 00897cam a22001935a 4500 |
| 001 - CONTROL NUMBER | |
| control field | L156607 |
| 008 - FIXED-LENGTH DATA ELEMENTS--GENERAL INFORMATION | |
| fixed length control field | 120612e19951113xxk f 000 0 eng d |
| 035 ## - SYSTEM CONTROL NUMBER | |
| System control number | (Sirsi) u156607 |
| 041 0# - LANGUAGE CODE | |
| Language code of text/sound track or separate title | eng |
| 110 2# - MAIN ENTRY--CORPORATE NAME | |
| Corporate name or jurisdiction name as entry element | Society of Surveying Technicians |
| 9 (RLIN) | 3045 |
| 245 02 - TITLE STATEMENT | |
| Title | A merger |
| Remainder of title | declaration of intent |
| 260 ## - PUBLICATION, DISTRIBUTION, ETC. | |
| Place of publication, distribution, etc. | [S.l.] |
| Name of publisher, distributor, etc. | SST |
| -- | ISEWO |
| Date of publication, distribution, etc. | 1995 |
| 300 ## - PHYSICAL DESCRIPTION | |
| Extent | 1 sheet |
| Dimensions | 30 x 42 cm., folded to 30 x 21 cm. |
| 520 ## - SUMMARY, ETC. | |
| Summary, etc. | Document dated 13 November 1995 implementing the merger between the Society of Surveying Technicians (SST) and the Incorporated Society of Estates and Wayleaves Officers. The document is signed by the Presidents of both organisations, and the merger was to be effective from 1 January 1996. The SST subsequently joined RICS in 1998. |
| 651 #4 - SUBJECT ADDED ENTRY--GEOGRAPHIC NAME | |
| Geographic name | United Kingdom |
| Chronological subdivision | |
| 690 ## - LOCAL SUBJECT ADDED ENTRY--TOPICAL TERM (OCLC, RLIN) | |
| Topical term or geographic name as entry element | Business and management |
| 710 1# - ADDED ENTRY--CORPORATE NAME | |
| Corporate name or jurisdiction name as entry element | Incorporated Society of Estates and Wayleaves Officers |
| 942 ## - ADDED ENTRY ELEMENTS (KOHA) | |
| Suppress in OPAC | 0 |
| Withdrawn status | Lost status | Source of classification or shelving scheme | Damaged status | Not for loan | Home library | Current library | Shelving location | Date acquired | Total Checkouts | Full call number | Barcode | Date last seen | Copy number | Price effective from | Koha item type |
|---|---|---|---|---|---|---|---|---|---|---|---|---|---|---|---|
| Dewey Decimal Classification | Historic collection | Historic collection | RICS Boxes | 12/06/2012 | RICS 1995/136 | 30077563 | 06/08/2019 | 1 | 06/08/2019 | Archive |